Languages by their literal English name - Statistics

General Stats
  • This quiz has been taken 18 times
  • The average score is 11 of 28
Answer Stats
Hint Answer % Correct
"javelin" people French
83%
"neighbors" or perhaps "noisy" people German
83%
"official speech" Mandarin
75%
"people" people Dutch
58%
"fishers" or perhaps "from the hook-shaped peninsula" English
58%
"Indian island" people Indonesian
58%
people of the "land of bulls" Italian
58%
"sun origin" people Japanese
58%
"African" people Afrikaans
50%
"rib" or "sickle" or perhaps "hatchet" people Persian
50%
"coastal" people Swahili
50%
"south Cantonese" Vietnamese
50%
"people who are not Greek" Berber
42%
"army" or perhaps "camp" Urdu
42%
"Eastern people" Estonian
33%
"Irish people from Ireland" Scots Gaelic
33%
"word-speakers" Slovenian, Slovakian
33%
"tin place" or perhaps "tin swamp" Bengali
25%
"those who live in caves" Cherokee
25%
"barley island" people Javanese
25%
"profiteer" people Kazakh
25%
"temperate valley" Quechua
25%
"from the province" Provençal
17%
"white people from the East coast of Sweden" Belarussian
8%
people of the "little castle" Luxembourgish
8%
"fierce" or perhaps "angry" people Xhosa
8%
"hundred ridges" Hunsrik
0%
"great nation" people Marathi
0%
No matching quizzes found
Score Distribution
Percent of People with Each Score
Percentile by Number Answered
Your Score History
You have not taken this quiz